| 000 | 00826nam a2200253 a 4500 | ||
|---|---|---|---|
| 003 | PILC | ||
| 005 | 20160215075859.0 | ||
| 008 | 120903s19uu xx 00 eng d | ||
| 020 | _a9781426018442 | ||
| 050 |
_aBF 637.I48 _b.C761 2009 |
||
| 100 | _aConlow, Rick. | ||
| 245 |
_aHandling difficult people and situations : _blead people through adversity / _cRick Conlow, Doug Watsabaugh. |
||
| 260 |
_aRochester, N.Y. : _bAxzo Press, _c2009. |
||
| 300 |
_a91 pages : _billustrations ; _c25 cm. |
||
| 440 | _aCrisp Fifty-Minute Series Book. | ||
| 500 | _aCrisp Fifty-Minute Series: Know how. Right now. | ||
| 650 | _aInterpersonal conflict. | ||
| 650 | _aInterpersonal relations. | ||
| 650 | _aOrganizational behavior. | ||
| 700 | _aWatsabaugh, Doug. | ||
| 942 |
_cBK _2lcc _kFOR |
||
| 999 |
_c25288 _d25288 |
||